1747 1753 1037 1139 1853 1814 1237 1066 1427 1607 1296 1753 1069 1156 1697 1733 1008 1610 1648 1337 1819 1166 1506 1210 1133 1909 1598 1719 1340 1028 1789 1479 1246 1842 1839 1393 1330 1713 1792 1770 1740 1354 1340 1004 1948 1717 1794 1533 1285 1934 1554 1781 1887 1721 1416 1604 1168 1493 1031 1190 1531 1715 1103 1365 1622 1513 1626 1060 1787 1191 1272 1358 1754 1951 1348 1764 1047 1204 1725 1540 1868 1523 1346 1006 1365 1335 1994 1078 1544 1533 1169 1772 1774 1368 1545 1845 1961 1907 1951 BCNSPRNW ULIB Ver.6.0+V

เปลี่ยนเป็นภาษาไทย

Change to English
 แสดงรายละเอียดบรรณานุกรม
  กลับหน้าหลัก

Brief Record : Get Marc (ISO 2709) : E-mail record : QR code < ปิดหน้าต่าง
LEADER : 00000nam 2200000uu 4500
001    13399125516
003     ULIB
008    170621s2558||||th 000 0 tha d
020    ^a9786169245100
060 04 ^aWL368^bก728ป
245 00 ^aประสาทศัลยศาสตร์ปริทัศน์ =^bNeurosurgical review /^cบรรณาธิการ,กุลพัฒน์ วีรสาร
246 31 ^aNeurosurgical review
250    ^aพิมพ์ครั้งที่ 1
260    ^aกรุงเทพฯ :^bราชวิทยาลัยประสาทศัลยแพทย์แห่งประเทศไทย,^c2558
300    ^a200 หน้า :^bภาพประกอบ ;^c21 ซม.
505 0  ^aPituitary Apoplexy ... Manament of Closed Head Injury ... Emergency Treatment of Brain Tumor ... Brain Death Declaration & Pitfall ... Brain Abcess ... Subdural Empyema ... ภาวะเลือดออกในไขสันหลัง (Spinal Cord Hematoma or Hematomyelia) ... Acute Interrention of Lumpar Disc Disease ... Penetrating Brain Injury ... Approach to Coma
650  2 ^aNeurosurgery
650  7 ^aประสาทศัลยศาสตร์
700 0  ^aกุลพัฒน์ วีรสาร,^eบรรณาธิการ
710 2  ^aราชวิทยาลัยประสาทศัลยแพทย์แห่งประเทศไทย
856    ^a^zTable of Contents (Content)^uhttp://118.174.31.60:80/ULIB//_fulltext/Content/129208/20161018094822_1655.pdf
945    ^p0^l0^i002351
945    ^p0^l0^i002352
945    ^p0^l0^i002353
999    ^aวรรณษา ชูชัยมงคล
รายการนี้ยังไม่มีแท็ก
คุณยังไม่ได้ล็อกอิน คุณสามารถมีกิจกรรมร่วมกับเว็บไซต์ได้ แต่ต้องล็อกอินก่อน ::
  ล็อกอิน

รายการสื่อสารสนเทศ

ลำดับที่ ประเภท เลขเรียก/บาร์โค้ด สถานที่ สถานะ
1. วิทยาศาสตร์การแพทย์ และสุขภาพ
วิทยาศาสตร์การแพทย์ และสุขภาพ
สถานะ=หนังสือเก่า
WL368 ก728ป ฉ.1 
  Barcode: 002351
ห้องสมุดวิทยาเขตสวรรค์ประชารักษ์
►ส่วนจัดเก็บหนังสือเก่า สปร
บนชั้น
  ขอยืม
2. วิทยาศาสตร์การแพทย์ และสุขภาพ
วิทยาศาสตร์การแพทย์ และสุขภาพ
WL368 ก728ป ฉ.2 
  Barcode: 002352
ห้องสมุดวิทยาเขตสวรรค์ประชารักษ์
►หนังสือทั่วไป
บนชั้น
3. วิทยาศาสตร์การแพทย์ และสุขภาพ
วิทยาศาสตร์การแพทย์ และสุขภาพ
WL368 ก728ป ฉ.3 
  Barcode: 002353
ห้องสมุดวิทยาเขตสวรรค์ประชารักษ์
►หนังสือทั่วไป
บนชั้น

BibComment


ยังไม่เคยถูกคอมเมนท์

คอมเมนท์ทรัพยากรรายการนี้
  คอมเมนท์: ประสาทศัลยศาสตร์..


 Copyright 2026. Bcnsprnw @Library